000 00358cam a22001217a 4500
008 180718b1956 xxu||||| |||| 00| 0 eng d
082 _aUx775 Sa49
100 _aSamuels, Warren J.
245 _aWisconsin state government and business
_cby Warren J. Samuels
260 _aWisconsin
_bDepartment of Economics
_c1956
650 _aBusiness
650 _aGovernment
999 _c501741
_d501741